000
00255nam a22000857a 4500
008
211025b ||||| |||| 00| 0 eng d
100
_a
Heinrich Kohler Auctions
245
_a
Schleswig to 1920 Christopher King Col (Part 1)
650
_a
Schleswig; Denmark; Germany
999
_c
3192
_d
3192